000 00393nam a22001577a 4500
003 OSt
005 20220131142636.0
008 220131b |||||||| |||| 00| 0 eng d
020 _a9789380578705
040 _cH.U
082 _a621.81
100 _aGupta
_91644
245 _aTheory of Machines Kinematics & Dynamics
260 _aNew Delhi
_bIK International
_c621.81
942 _2ddc
_cBOOKS
_n0
999 _c28554
_d28554